Glenn Gould : two portraits /

Two thirty-minute programs profiling pianist Glenn Gould, filmed at the time of his sensational debut. In the first program, filmed at his cottage near Lake Simcoe, Ontario, he discusses composition with Franz Kraemer. The second program shows him in New York for a recording session of Bach's I...

Full description

Bibliographic Details
Corporate Authors: National Film Board of Canada, Kultur International Films
Other Authors: Gould, Glenn, Kroitor, Roman, Koenig, Wolf, Jackson, Stanley
Format: Video VHS
Language:English
Published: [Canada] : National Film Board of Canada ; [1997?]
Subjects:

MARC

Tag First Indicator Second Indicator Subfields
LEADER 00000cgm a2200000 a 4500
001 in00001402089
005 20151020053029.0
007 vf bbahom
008 970404p19971959xxc059 vleng d
020 |a 1561274801 
028 0 0 |a 1480  |b Kultur 
035 |a (OCoLC)36681027 
035 |9 AHM6774AM 
040 |a VCN  |c VCN  |d TXA  |d UtOrBLW 
043 |a n-cn-on  |a n-us-ny 
049 |a TXAV 
090 |a ML417.G68  |b G54 1997 
245 0 0 |a Glenn Gould :  |b two portraits /  |c a production of the National Film Board of Canada ; direction and production, Roman Kroitor, Wolf Koenig. 
246 3 0 |a Two portraits 
264 1 |a [Canada] :  |b National Film Board of Canada ;  |c [1997?] 
264 2 |a West Long Branch, NJ :  |b Distributed by Kultur International Films, 
264 4 |c ©1959 
300 |a 1 videocassette (59 min.) :  |b sound, black and white ;  |c 1/2 in. 
336 |a two-dimensional moving image  |b tdi  |2 rdacontent 
337 |a video  |b v  |2 rdamedia 
338 |a videocassette  |b vf  |2 rdacarrier 
538 |a VHS. 
536 |a Gift from Gilbert and Thyra Plass Record Collection. 
500 |a Title from videocassette label. 
500 |a Hi-fi, Dolby mono., stereo. compatible. 
520 |a Two thirty-minute programs profiling pianist Glenn Gould, filmed at the time of his sensational debut. In the first program, filmed at his cottage near Lake Simcoe, Ontario, he discusses composition with Franz Kraemer. The second program shows him in New York for a recording session of Bach's Italian Concerto. 
505 0 0 |t Off the record --  |t On the record. 
508 |a Editor, James Beveridge ; camera, Wolf Koenig. 
511 0 |a Commentary, Stanley Jackson. 
500 |a Videorecording. 
600 1 0 |a Gould, Glenn. 
650 0 |a Pianists  |z Canada  |v Biography. 
650 0 |a Documentary films. 
700 1 |a Gould, Glenn. 
700 1 |a Kroitor, Roman. 
700 1 |a Koenig, Wolf. 
700 1 |a Jackson, Stanley. 
710 2 |a National Film Board of Canada. 
710 2 |a Kultur International Films. 
740 0 |a Off the record. 
740 0 |a On the record. 
948 |a FP 
999 |a MARS 
999 f f |s 310411e2-e99a-3526-94c6-b3f50da71329  |i bd05828b-0ceb-3562-bd37-f1d8311e617b  |t 0 
952 f f |p ric  |a Texas A&M University  |b Rellis Campus  |c Joint Library Facility  |d Remote Storage  |t 0  |e ML417.G68 G54 1997  |h Library of Congress classification  |i video -- videocassette  |m A14822478577 
998 f f |a ML417.G68 G54 1997  |t 0  |l Remote Storage